| 000 | 00672nam a2200229Ia 4500 | ||
|---|---|---|---|
| 003 | OSt | ||
| 005 | 20240801110100.0 | ||
| 008 | 210716s2017 xx 000 0 und d | ||
| 020 | _a9781501152511 | ||
| 040 | _cAIMIT LIBRARY | ||
| 041 | _aeng | ||
| 082 |
_a374.22 _bSIMS |
||
| 100 |
_aSims, Steve. _9174695 |
||
| 245 |
_aBluefishing : _bart of making things happen / _cBy Steve Sims. |
||
| 250 | _a1st ed. | ||
| 260 |
_aNew Delhi : _bSimon & Schuster , _c2017. |
||
| 300 |
_axvii,203p. ; _bHB _c22.8 cm |
||
| 650 |
_aPower of the password _9174696 |
||
| 650 |
_aSomething for everyone _9174697 |
||
| 650 |
_aSponge it up _9174698 |
||
| 942 |
_2ddc _cBK _e1st _374.22 SIMS |
||
| 999 |
_c210472 _d210472 |
||